| 000 | 00765nam a2200181Ia 4500 | ||
|---|---|---|---|
| 008 | 100917s9999 xx 000 0 und d | ||
| 082 | _b33061 | ||
| 100 | _aसाठे वा. वि. - संपा. | ||
| 245 | _aशि. म. परांजपे यांचे वरील राजद्रोहाचा खटला 1908 | ||
| 260 |
_bसाठे वा. वि. _c1937 |
||
| 300 | _a54 | ||
| 365 | _b0.25 | ||
| 520 | _aनिबंध | ||
| 630 | _aशि. म. परांजपे यांचे वरील राजद्रोहाचा खटला 1908 | ||
| 650 | _aनिबंध | ||
| 730 | _aशि. म. परांजपे यांचे वरील राजद्रोहाचा खटला 1908 | ||
| 942 | _cBOOK | ||
| 999 |
_c638455 _d638452 |
||